[Event "Znojmo Rotunda op"]
[Site "Znojmo"]
[Date "2002.??.??"]
[Round "7"]
[White "Petlak, Josef Jr"]
[Black "Fojtik, Tomas"]
[Result "0-1"]
[WhiteElo "1525"]
[BlackElo "2107"]
[PlyCount "54"]
[EventDate "2002.??.??"]
[EventType "swiss"]
[EventRounds "9"]
[EventCountry "CZE"]
[SourceTitle "EXT 2003"]
[Source "ChessBase"]
[SourceDate "2002.11.25"]
[SourceVersion "1"]
[SourceVersionDate "2002.11.25"]
[SourceQuality "1"]

1. e4 e6 2. d4 d5 3. exd5 exd5 4. Bd3 Nc6 5. c3 Bd6 6. Nf3 Bg4 7. 0-0 Nge7 8. Bg5 f6 9. Bh4 Qd7 10. Nbd2 g5 11. Bg3 h5 12. Bxd6 Qxd6 13. Qc2 0-0-0 14. b4 Rdf8 15. a4 h4 16. a5 Bxf3 17. Nxf3 g4 18. Bf5+ Nxf5 19. Qxf5+ Kb8 20. Nd2 Ne7 21. Qd3 f5 22. c4 f4 23. c5 Qf6 24. b5 f3 25. g3 hxg3 26. fxg3 f2+ 27. Kg2 Rxh2+ 0-1

[Event "Znojmo Rotunda op"]
[Site "Znojmo"]
[Date "2002.??.??"]
[Round "5"]
[White "Petlak, Josef Jr"]
[Black "Rajnoha, Lubos"]
[Result "1-0"]
[WhiteElo "1525"]
[BlackElo "1342"]
[PlyCount "43"]
[EventDate "2002.??.??"]
[EventType "swiss"]
[EventRounds "9"]
[EventCountry "CZE"]
[SourceTitle "EXT 2003"]
[Source "ChessBase"]
[SourceDate "2002.11.25"]
[SourceVersion "1"]
[SourceVersionDate "2002.11.25"]
[SourceQuality "1"]

1. e4 e5 2. Nf3 Nc6 3. Bb5 a6 4. Ba4 Nf6 5. d3 Bc5 6. 0-0 0-0 7. Bg5 h6 8. Bh4 d5 9. exd5 Qxd5 10. Bxf6 gxf6 11. Nc3 Qe6 12. Bb3 Qg4 13. Ne4 Qg6 14. Nxc5 Bh3 15. Nh4 Qg5 16. Qf3 Bg4 17. Qg3 f5 18. f3 Nd4 19. Rae1 f4 20. Qf2 Bh3 21. Ne4 Qg7 22. Kh1 1-0

[Event "Znojmo Rotunda op"]
[Site "Znojmo"]
[Date "2002.??.??"]
[Round "4"]
[White "Petlak, Josef Jr"]
[Black "Talpa, Pavel"]
[Result "0-1"]
[WhiteElo "1525"]
[BlackElo "1854"]
[PlyCount "54"]
[EventDate "2002.??.??"]
[EventType "swiss"]
[EventRounds "9"]
[EventCountry "CZE"]
[SourceTitle "EXT 2003"]
[Source "ChessBase"]
[SourceDate "2002.11.25"]
[SourceVersion "1"]
[SourceVersionDate "2002.11.25"]
[SourceQuality "1"]

1. e4 d5 2. exd5 Nf6 3. Nf3 Nxd5 4. d4 c6 5. Be2 Bf5 6. c3 e6 7. Nbd2 Nf4 8. g3 Nxe2 9. Qxe2 Be7 10. Nc4 Nd7 11. Ne3 Bg6 12. Ng2 Nf6 13. Ne5 Qd5 14. 0-0 Qa5 15. Bd2 Qb6 16. Be3 Nd5 17. Nxg6 hxg6 18. Bd2 0-0-0 19. Rab1 Rh3 20. Nf4 Nxf4 21. Bxf4 g5 22. Qg4 Rdh8 23. Bxg5 Bxg5 24. Qxg5 Rxh2 25. Qxg7 Qb5 26. Qxf7 Rh1+ 27. Kg2 Qd5+ 0-1